000 00727cam a22002533a 4500
001 16846
003 PGUSA
005 20140828083347.0
008 051010s2005||||xxu|||||s|||||000 | eng d
040 _aPGUSA
_beng
042 _adc
050 4 _aPT
050 4 _aPZ
100 1 _aGrimm, Wilhelm,
_d1786-1859
245 1 0 _aMjallhvít :
_bÆfintýri Handa Börnum
_h[electronic resource] /
_cWilhelm Grimm
260 _bProject Gutenberg,
_c2005
506 _aPublic domain in the USA.
516 _aElectronic text
653 _aFairy tales -- Germany
700 1 _aM. Grímsson
_q(Magnús Grímsson),
_d1825-1860
830 0 _aProject Gutenberg
_v16846
856 4 0 _uhttp://www.gutenberg.org/ebooks/16846
942 _cEB
999 _c246101
_d246101